| 000 | 00775cam a2200301 i 4500 | ||
|---|---|---|---|
| 001 | 0000830 | ||
| 003 | DO-SdBNP | ||
| 005 | 20180212103711.0 | ||
| 007 | 0000830 | ||
| 008 | 100514s 1992 sp a | |||| 000 f spa | ||
| 015 | _a | ||
| 017 |
_a _b |
||
| 020 | _a8434836742 | ||
| 035 | _a | ||
| 040 |
_aBPMSU _bspa _cBPMSU _e |
||
| 080 | _a | ||
| 100 | 1 | _aLópez Domínguez, Xan | |
| 245 | 1 | 0 |
_aBaile de colores / _h _cXan López Domínguez |
| 250 | _a2a. ed. | ||
| 260 |
_aMadrid : _bSM, _c1992. |
||
| 300 |
_a[14] p.: _bil. _c19 cm. |
||
| 490 | 1 |
_aLos duros del barco de vapor _v15 |
|
| 500 | _aLibro de pasta dura. | ||
| 830 | 0 |
_aLos duros del barco de vapor _n15 |
|
| 942 |
_2ddc _cBK |
||
| 945 | _aInventariado, 2018/ YL | ||
| 956 |
_aYLOCKWARD _b10 _cBPMSU |
||
| 999 |
_c12154 _d12154 |
||